000 00797nam a2200229Ia 4500
003 GCL
008 140319s9999 xx 000 0 ara d
040 _aGCL /
_cGCL
082 0 4 _a810.8006
_bع ح
100 1 _aابن عاصم الاندلسى : ابوبكر محمد بن محمد
245 1 0 _aحدائق الازاهر /
_cابن عاصم الاندلسى : ابوبكر محمد بن محمد
700 1 _aعفيف عبدالرحمن
260 _a[S.N] :
_bدار المسيرة للنشر والتوزيع والطباعة ،
_c1987
300 _a499 ص
490 _a
650 0 4 _aالشعر العربى
650 0 4 _aالادب العربى
650 0 4 _aدواوين وقصائد
650 0 4 _aالشعر الهزلى
650 0 4 _aتاريخ ونقد
942 _2ddc
_cBK
999 _c40609
_d40609